Formale Logik und Wissenschaftsphilosophie Einführung für Wirtschaftswissenschaftler
Saved in:
| Main Author: | |
|---|---|
| Format: | Book |
| Language: | German |
| Published: |
München
Oldenbourg
1991
|
| Edition: | 1. Aufl. |
| Subjects: | |
| Tags: |
No Tags, Be the first to tag this record!
|
MARC
| LEADER | 00000nam a2200000 4500 | ||
|---|---|---|---|
| 001 | c010009 | ||
| 005 | 20221214101554.7 | ||
| 020 | |a 3-486-20987-6 | ||
| 041 | 0 | |a ger | |
| 044 | |a DE | ||
| 245 | 1 | 0 | |a Formale Logik und Wissenschaftsphilosophie |b Einführung für Wirtschaftswissenschaftler |c Lothar Czayka |
| 250 | |a 1. Aufl. | ||
| 264 | 1 | |a München |b Oldenbourg |c 1991 | |
| 300 | |a 166 s. | ||
| 610 | 2 | 0 | |a logika |
| 610 | 2 | 0 | |a veda |
| 610 | 2 | 0 | |a filozofia |
| 610 | 2 | 0 | |a výskum |
| 610 | 2 | 0 | |a hypotézy |
| 610 | 2 | 0 | |a prognózy |
| 610 | 2 | 0 | |a modely |
| 610 | 2 | 0 | |a veda ekonomická |
| 100 | 1 | |a Czayka, Lothar | |